Statistics for 関東の市

Click here to take the quiz!

General Stats

  • This quiz has been taken 240 times
  • The average score is 135 of 180

Answer Stats

都道府県人口面積(km²)% Correct
茨城県水戸市270,685217.32
98%
栃木県宇都宮市518,757416.85
96%
千葉県千葉市974,951271.76
95%
神奈川県横浜市3,777,491437.78
95%
群馬県前橋市332,149311.59
95%
東京都八王子市579,355186.38
95%
茨城県つくば市241,656283.72
95%
埼玉県さいたま市1,324,025217.43
94%
群馬県高崎市372,973459.16
94%
神奈川県川崎市1,538,262142.96
93%
茨城県日立市174,508225.71
93%
千葉県船橋市642,90785.62
92%
神奈川県小田原市188,856113.6
92%
千葉県銚子市58,43184.2
92%
神奈川県相模原市725,493328.91
92%
神奈川県横須賀市388,078100.82
91%
茨城県土浦市142,074122.89
91%
埼玉県川越市354,571109.13
91%
東京都町田市431,07971.55
91%
栃木県小山市166,666171.75
90%
栃木県日光市77,6611449.83
90%
千葉県成田市132,906213.84
90%
千葉県市川市496,67657.45
90%
千葉県松戸市498,23261.38
90%
千葉県木更津市136,166138.9
90%
東京都立川市183,58124.36
90%
神奈川県藤沢市436,90569.56
90%
埼玉県春日部市229,79266
89%
埼玉県所沢市342,46472.11
89%
千葉県柏市426,468114.74
88%
埼玉県越谷市341,62160.24
88%
埼玉県熊谷市194,415159.82
88%
埼玉県秩父市59,674577.83
88%
神奈川県鎌倉市172,71039.66
88%
神奈川県茅ヶ崎市242,38935.7
87%
東京都西東京市207,38815.75
87%
埼玉県川口市594,27461.95
87%
茨城県鹿嶋市66,950106.04
86%
神奈川県厚木市223,70593.84
86%
茨城県取手市104,52469.94
86%
千葉県市原市269,524368.16
86%
東京都三鷹市195,39116.42
85%
群馬県伊勢崎市211,850139.44
85%
群馬県桐生市106,445274.45
85%
千葉県佐倉市168,743103.69
85%
東京都国分寺市129,24211.46
85%
栃木県栃木市155,549331.5
85%
栃木県那須塩原市115,210592.74
85%
茨城県ひたちなか市156,58199.97
85%
神奈川県平塚市258,42267.82
85%
神奈川県海老名市136,51626.59
84%
千葉県野田市152,638103.55
84%
千葉県館山市45,153110.05
83%
東京都府中市262,79029.43
83%
東京都調布市242,61421.58
83%
東京都多摩市146,95121.01
83%
埼玉県蕨市74,2835.11
83%
群馬県太田市223,014175.54
83%
東京都国立市77,1308.15
83%
千葉県習志野市176,19720.97
83%
茨城県つくばみらい市49,87279.16
82%
神奈川県大和市239,16927.09
82%
千葉県浦安市171,36217.3
82%
東京都青梅市133,535103.31
81%
東京都東村山市151,81517.14
81%
神奈川県三浦市42,06932.05
81%
千葉県君津市82,206318.78
81%
栃木県足利市144,746177.76
81%
埼玉県本庄市78,56989.69
80%
東京都日野市190,43527.55
79%
埼玉県久喜市150,58282.41
78%
東京都あきる野市79,29273.47
78%
茨城県龍ケ崎市76,42078.59
78%
千葉県我孫子市130,51043.15
78%
東京都武蔵村山市70,82915.32
78%
千葉県四街道市93,57634.52
78%
東京都武蔵野市150,14910.98
78%
茨城県古河市139,344123.58
78%
埼玉県和光市83,98911.04
78%
茨城県牛久市84,65158.92
77%
栃木県佐野市116,228356.04
77%
神奈川県逗子市57,06017.28
77%
東京都狛江市84,7726.39
77%
埼玉県三郷市142,14530.13
76%
埼玉県草加市248,30427.46
76%
茨城県北茨城市41,801186.79
76%
埼玉県鴻巣市116,82867.44
76%
東京都小金井市126,07411.3
76%
千葉県鴨川市32,116191.14
76%
茨城県常陸太田市48,602371.99
75%
埼玉県上尾市226,94045.51
75%
埼玉県深谷市141,268138.37
75%
茨城県高萩市27,699193.56
74%
千葉県流山市199,84935.32
74%
群馬県みどり市49,648208.42
74%
群馬県渋川市74,581240.27
74%
群馬県館林市75,30960.97
74%
東京都小平市198,73920.51
74%
千葉県鎌ケ谷市109,93221.08
73%
埼玉県飯能市80,361193.05
73%
千葉県南房総市35,831230.1
73%
千葉県八街市67,45574.94
72%
千葉県勝浦市16,92793.96
72%
埼玉県桶川市74,74825.35
72%
埼玉県戸田市140,89918.19
72%
栃木県那須烏山市24,875174.35
72%
茨城県かすみがうら市40,087156.6
72%
東京都福生市56,41410.16
72%
東京都東久留米市115,27112.88
72%
神奈川県綾瀬市83,91322.14
71%
栃木県鹿沼市94,033490.64
71%
埼玉県白岡市52,21424.92
71%
埼玉県東松山市91,79165.35
71%
埼玉県北本市65,20119.82
70%
茨城県守谷市68,42135.71
70%
茨城県常陸大宮市39,267348.45
70%
埼玉県羽生市52,86258.64
70%
埼玉県入間市145,65144.69
70%
千葉県旭市63,745130.45
69%
神奈川県秦野市162,439103.76
69%
栃木県さくら市44,513125.63
69%
群馬県沼田市45,337443.46
69%
群馬県安中市54,907276.31
69%
東京都昭島市113,94917.34
69%
千葉県大網白里市48,12958.08
69%
埼玉県蓮田市61,49927.28
69%
千葉県八千代市199,49851.39
69%
千葉県印西市102,609123.79
68%
埼玉県朝霞市141,08318.34
68%
茨城県常総市60,834123.64
68%
東京都清瀬市76,20810.23
68%
東京都稲城市93,15117.97
67%
埼玉県狭山市148,69948.99
67%
埼玉県ふじみ野市113,59714.64
67%
神奈川県伊勢原市101,78055.56
67%
埼玉県行田市78,61767.49
67%
千葉県富津市42,465205.4
67%
茨城県石岡市73,061215.53
67%
千葉県袖ケ浦市63,88394.92
67%
埼玉県志木市75,3469.05
66%
茨城県神栖市95,454146.97
66%
埼玉県新座市166,01722.78
66%
埼玉県富士見市111,85919.77
65%
神奈川県座間市132,32517.57
65%
千葉県匝瑳市35,040101.52
65%
栃木県真岡市78,190167.34
65%
埼玉県加須市111,623133.3
65%
群馬県藤岡市63,261180.29
65%
茨城県鉾田市45,953207.6
65%
東京都羽村市54,3269.9
65%
神奈川県南足柄市40,84177.12
64%
千葉県香取市72,356262.35
64%
千葉県東金市58,21989.12
64%
千葉県茂原市86,78299.92
63%
千葉県白井市62,44135.48
62%
東京都東大和市83,90113.42
61%
茨城県小美玉市48,870144.74
61%
埼玉県八潮市93,36318.02
61%
埼玉県吉川市71,97931.66
61%
栃木県大田原市72,087354.36
60%
千葉県いすみ市35,544157.5
60%
群馬県富岡市47,446122.85
59%
茨城県笠間市73,173240.4
58%
茨城県桜川市39,122180.06
58%
埼玉県日高市54,57147.48
58%
茨城県筑西市100,753205.3
57%
茨城県潮来市27,60471.4
57%
茨城県行方市32,185222.48
56%
栃木県下野市59,50774.59
56%
栃木県矢板市31,165170.46
56%
埼玉県鶴ヶ島市70,11717.65
55%
埼玉県坂戸市100,27541.02
54%
茨城県坂東市52,265123.03
53%
茨城県結城市50,64565.76
53%
埼玉県幸手市50,06633.93
53%
千葉県山武市48,444146.77
52%
茨城県那珂市53,50297.82
51%
茨城県下妻市42,52180.88
48%
茨城県稲敷市39,039205.81
47%
千葉県富里市49,73553.88
47%

Score Distribution

Percentile by Number Answered

Percent of People with Each Score

Your Score History

You have not taken this quiz